[Event "13th Reykjavik op"]
[Site "Reykjavik ISL"]
[Date "1988.02.23"]
[Round "1.4"]
[White "Dolmatov, Sergei"]
[Black "Hardarson, Robert"]
[Result "1-0"]
[WhiteElo "2565"]
[BlackElo "2295"]
[EventDate "1988.02.23"]
[PlyCount "60"]

1.e4 e5 2.Nf3 Nc6 3.Bc4 Nf6 4.d3 h6 5.O-O d6 6.c3 g6 7.d4 Qe7 8.Re1 Bg7 9.
h3 O-O 10.Nbd2 Nh5 11.Nf1 Nf4 12.N1h2 Kh8 13.Be3 g5 14.Bf1 Ng6 15.Bb5 Nd8 
16.Nf1 c6 17.Ba4 g4 18.hxg4 Bxg4 19.N1h2 Bc8 20.Qd2 Kh7 21.Nf1 d5 22.Nxe5 
Nxe5 23.dxe5 dxe4 24.Bf4 Bf5 25.Ne3 Bg6 26.Nc4 Ne6 27.Bg3 Rad8 28.Qe2 h5 
29.Bc2 h4 30.Bh2 Ng5 1-0

[Event "13th Reykjavik op"]
[Site "Reykjavik ISL"]
[Date "1988.02.23"]
[Round "1.5"]
[White "Gislason, Gudmundur"]
[Black "Petursson, Margeir"]
[Result "1/2-1/2"]
[WhiteElo "2295"]
[BlackElo "2540"]
[EventDate "1988.02.23"]
[PlyCount "133"]

1.d4 Nf6 2.Nf3 e6 3.c4 Bb4+ 4.Bd2 c5 5.e3 O-O 6.Bd3 b6 7.Nc3 Bb7 8.O-O d6 
9.Qe2 Nbd7 10.Rac1 Qe7 11.Rfd1 Rac8 12.a3 Bxc3 13.Bxc3 Ne4 14.Bxe4 Bxe4 
15.dxc5 Nxc5 16.b4 Na4 17.Ba1 Rfd8 18.Nd4 a6 19.Qg4 Bg6 20.f4 e5 21.f5 
exd4 22.Qxd4 Qe5 23.fxg6 Qxd4 24.gxf7+ Kxf7 25.Rxd4 b5 26.Rf1+ Kg8 27.Rg4 
Rd7 28.cxb5 axb5 29.Rg5 d5 30.Bd4 h6 31.Re5 Nc3 32.Bxc3 Rxc3 33.Rd1 Rxa3 
34.e4 d4 35.Rxb5 Rb3 36.e5 Kf7 37.Rb6 Ke7 38.Rf1 Re3 39.Rg6 Ke8 40.e6 Rb7 
41.Ra1 Rb8 42.Rxg7 Kf8 43.Rh7 Kg8 44.Rxh6 Rxb4 45.Rd1 Re4 46.Rf6 Kg7 47.
Rf7+ Kg6 48.h4 Rxe6 49.Rf4 Rd6 50.Rd3 Kh5 51.Kh2 Rc4 52.g3 Rd5 53.Kh3 Kg6 
54.Kg4 Ra4 55.Kf3 Rf5 56.g4 Rd5 57.Ke4 Rd8 58.Rf5 Ra1 59.h5+ Kh6 60.Rf6+ 
Kg5 61.Rg6+ Kh4 62.Rg7 Rg1 63.h6 Rxg4+ 64.Ke5 Rg5+ 65.Ke6 Rh8 66.Rxd4+ Kh5
67.Rxg5+ 1/2-1/2

[Event "13th Reykjavik op"]
[Site "Reykjavik ISL"]
[Date "1988.02.23"]
[Round "1.8"]
[White "Olafsson, Helgi"]
[Black "Olafsson, David"]
[Result "1-0"]
[WhiteElo "2510"]
[BlackElo "2285"]
[EventDate "1988.02.23"]
[PlyCount "83"]

1.Nf3 Nf6 2.c4 g6 3.Nc3 Bg7 4.e4 d6 5.d4 O-O 6.Be2 e5 7.dxe5 dxe5 8.Qxd8 
Rxd8 9.Bg5 Re8 10.Nd5 Nxd5 11.cxd5 c6 12.Bc4 cxd5 13.Bxd5 Nd7 14.Nd2 Nb6 
15.Bb3 Be6 16.Ke2 Bxb3 17.axb3 a6 18.Be3 Nd7 19.Nc4 Bf8 20.Rad1 Nc5 21.Nb6
Rad8 22.Nd5 Kh8 23.Nf6 Rxd1 24.Rxd1 Rc8 25.Nd7 Nxd7 26.Rxd7 Kg7 27.Rxb7 
Rc2+ 28.Kd3 Rxb2 29.Kc4 Ra2 30.b4 Rc2+ 31.Kb3 Rc6 32.g4 h6 33.Rb6 Rxb6 34.
Bxb6 Kf6 35.Ka4 Ke6 36.Ka5 Kd7 37.Be3 Kc6 38.Kxa6 Bxb4 39.Bxh6 Kc5 40.Bf8+
Kc4 41.Bxb4 Kxb4 42.h4 1-0

[Event "13th Reykjavik op"]
[Site "Reykjavik ISL"]
[Date "1988.02.23"]
[Round "1.9"]
[White "Hansson, Dan"]
[Black "Arnason, Jon"]
[Result "0-1"]
[WhiteElo "2280"]
[BlackElo "2510"]
[EventDate "1988.02.23"]
[PlyCount "82"]

1.e4 e5 2.Nf3 Nc6 3.Bb5 a6 4.Ba4 Nf6 5.O-O Be7 6.Qe2 b5 7.Bb3 O-O 8.c3 d6 
9.d4 h6 10.Rd1 Bd7 11.Nbd2 Re8 12.d5 Na5 13.Bc2 c6 14.b4 Nb7 15.a4 cxd5 
16.exd5 Qc7 17.Bb2 Nxd5 18.Qd3 Nf6 19.Ne4 g6 20.axb5 Bxb5 21.Qe3 Nxe4 22.
Bxe4 Bf8 23.Bd5 Bc4 24.Qe4 Bxd5 25.Qxd5 Rec8 26.Nd2 Qc6 27.Ne4 Kg7 28.Qd3 
f5 29.Nd2 Kh7 30.g4 e4 31.Qh3 f4 32.Nb3 d5 33.Nd4 Qd7 34.f3 e3 35.Qf1 Nd6 
36.Rxa6 Nc4 37.Re6 Nxb2 38.Rb1 Nc4 39.Qd3 Qf7 40.h4 Re8 41.Rc6 Ne5 0-1

[Event "13th Reykjavik op"]
[Site "Reykjavik ISL"]
[Date "1988.02.23"]
[Round "1.10"]
[White "Dizdar, Goran"]
[Black "Bjornsson, Tomas"]
[Result "1-0"]
[WhiteElo "2490"]
[BlackElo "2270"]
[EventDate "1988.02.23"]
[PlyCount "91"]

1.Nf3 Nf6 2.g3 g6 3.b3 Bg7 4.Bb2 O-O 5.Bg2 d6 6.d4 Nbd7 7.O-O c6 8.Nbd2 
Qc7 9.a4 a5 10.Re1 b6 11.e4 e5 12.dxe5 dxe5 13.Nc4 Nh5 14.Qd6 Qxd6 15.Nxd6
Ba6 16.Bh3 Ra7 17.Rad1 Rd8 18.Kg2 Bf6 19.Ne8 Rxe8 20.Bxd7 Rd8 21.Bxc6 Rc8 
22.Bd5 Rxc2 23.Bxe5 Be2 24.Bb8 Bxd1 25.Bxa7 Bxf3+ 26.Kxf3 Bd4 27.Re2 Rc8 
28.e5 Ng7 29.Ke4 Bc5 30.Rc2 Rd8 31.Rxc5 bxc5 32.Bb6 Rb8 33.Bxa5 Ne6 34.Kd3
Kf8 35.Kc4 Ke7 36.f4 h5 37.Bd2 Kd7 38.Bc3 Rc8 39.a5 Ng7 40.Be4 Rc7 41.a6 
Kc8 42.Kb5 Ne6 43.Kb6 Rd7 44.Bb7+ Kd8 45.Ba5 Rd3 46.a7 1-0

[Event "13th Reykjavik op"]
[Site "Reykjavik ISL"]
[Date "1988.02.23"]
[Round "1.12"]
[White "Kotronias, Vasilios"]
[Black "Halldorsson, Bragi"]
[Result "1-0"]
[WhiteElo "2475"]
[BlackElo "2260"]
[EventDate "1988.02.23"]
[PlyCount "61"]

1.e4 c6 2.d4 d5 3.e5 Bf5 4.Nc3 e6 5.Bd3 Bxd3 6.Qxd3 Qa5 7.Ne2 Qa6 8.Qh3 c5
9.Nxd5 Qa5+ 10.Qc3 Qxc3+ 11.Ndxc3 Nc6 12.Be3 cxd4 13.Nxd4 Nxd4 14.Bxd4 Ne7
15.Nb5 Nd5 16.c4 a6 17.cxd5 axb5 18.d6 Ra4 19.O-O-O Kd7 20.Kb1 g6 21.b3 
Ra6 22.Rd3 Bg7 23.Rf3 Rf8 24.Rc1 Rc6 25.Rxc6 Kxc6 26.Kc2 Kd5 27.d7 Rd8 28.
Rxf7 Kxd4 29.Rxg7 Kxe5 30.Rxh7 Kf6 31.h4 1-0

[Event "13th Reykjavik op"]
[Site "Reykjavik ISL"]
[Date "1988.02.23"]
[Round "1.13"]
[White "Karason, Askell Orn"]
[Black "Schoen, Wolfram"]
[Result "1-0"]
[WhiteElo "2235"]
[BlackElo "2450"]
[EventDate "1988.02.23"]
[PlyCount "83"]

1.d4 Nf6 2.c4 c6 3.Nc3 d5 4.Nf3 dxc4 5.a4 Bf5 6.e3 e6 7.Bxc4 Bb4 8.O-O O-O
9.Nh4 Bg4 10.f3 Bh5 11.g3 Nbd7 12.Qb3 Qe7 13.e4 c5 14.d5 exd5 15.Nf5 Qd8 
16.Nxd5 Nxd5 17.Bxd5 Qb6 18.a5 Qf6 19.a6 bxa6 20.Bxa8 Rxa8 21.Bf4 g5 22.
Be3 Qe6 23.Qd5 Nb6 24.Qb7 a5 25.Rad1 c4 26.Qxa8+ Nxa8 27.Rd8+ Bf8 28.Bc5 
h6 29.Rxf8+ Kh7 30.Bd4 f6 31.Rxa8 a6 32.Ra7+ Kh8 33.Bc3 Qc8 34.Rd1 Qb8 35.
Rdd7 Bg6 36.Bd4 c3 37.Bxf6+ Kg8 38.Ne7+ Kf7 39.Nc6+ Kxf6 40.Nxb8 cxb2 41.
Rab7 a4 42.Rxb2 1-0

[Event "13th Reykjavik op"]
[Site "Reykjavik ISL"]
[Date "1988.02.23"]
[Round "1.14"]
[White "Akesson, Ralf"]
[Black "Arnason, Throestur"]
[Result "1-0"]
[WhiteElo "2445"]
[BlackElo "2235"]
[EventDate "1988.02.23"]
[PlyCount "61"]

1.c4 e6 2.Nf3 Nf6 3.Nc3 Bb4 4.Qc2 b6 5.a3 Bxc3 6.Qxc3 Bb7 7.e3 d6 8.b4 
Nbd7 9.Bb2 a5 10.Be2 O-O 11.O-O e5 12.d4 Ne4 13.Qc2 Ng5 14.Nd2 f5 15.c5 
bxc5 16.bxc5 dxc5 17.dxe5 f4 18.exf4 Rxf4 19.Qb3+ Kh8 20.Rad1 Rb8 21.Qe3 
Ne6 22.g3 Qg5 23.Nf3 Qg4 24.Ne1 Qg6 25.Rxd7 Re4 26.Bd3 Rxe3 27.Bxg6 Ng5 
28.Bf5 Rxe1 29.Rxe1 Nf3+ 30.Kf1 Ba6+ 31.Bd3 1-0

[Event "13th Reykjavik op"]
[Site "Reykjavik ISL"]
[Date "1988.02.23"]
[Round "1.15"]
[White "Briem, Stefan"]
[Black "Thorsteins, Karl"]
[Result "0-1"]
[WhiteElo "2225"]
[BlackElo "2440"]
[EventDate "1988.02.23"]
[PlyCount "84"]

1.e4 c5 2.f4 d5 3.exd5 Nf6 4.Nc3 Nxd5 5.Bb5+ Bd7 6.Bxd7+ Qxd7 7.Nxd5 Qxd5 
8.Qf3 Qd7 9.Qe4 Nc6 10.Nf3 g6 11.O-O Bg7 12.d3 O-O 13.Be3 b6 14.c3 Rad8 
15.Rad1 f5 16.Qa4 Kh8 17.Qc2 Qe6 18.Bc1 Qxa2 19.Rfe1 Qd5 20.Qe2 Rfe8 21.
Ne5 Nxe5 22.fxe5 Qe6 23.d4 cxd4 24.cxd4 Qd5 25.Be3 Rc8 26.Rc1 b5 27.g3 h6 
28.Qd2 g5 29.Qa5 Qb7 30.Qb4 e6 31.Rxc8 Rxc8 32.Rc1 Rxc1+ 33.Bxc1 Qf3 34.
Qc3 Qxc3 35.bxc3 a5 36.Kf2 Bf8 37.Ke3 a4 38.Kd3 a3 39.d5 exd5 40.Kd4 a2 
41.Bb2 f4 42.g4 Kg8 0-1

[Event "13th Reykjavik op"]
[Site "Reykjavik ISL"]
[Date "1988.02.23"]
[Round "1.16"]
[White "Tisdall, Jonathan"]
[Black "Arnason, Arni Arman"]
[Result "1-0"]
[WhiteElo "2425"]
[BlackElo "2215"]
[EventDate "1988.02.23"]
[PlyCount "89"]

1.Nf3 Nf6 2.d4 e6 3.c4 b6 4.a3 c5 5.d5 d6 6.Nc3 e5 7.e4 g6 8.h3 Bg7 9.g4 
h6 10.Be3 a6 11.Bd3 Nbd7 12.Nd2 g5 13.Bc2 Nf8 14.Ba4+ Bd7 15.Bxd7+ Qxd7 
16.Nf1 Ng6 17.Ng3 Ng8 18.Nf5 Bf6 19.Qa4 Kd8 20.b4 N8e7 21.bxc5 bxc5 22.
Qa5+ Ke8 23.Nxd6+ Qxd6 24.Bxc5 Qd7 25.Rb1 Kf8 26.d6 Nc6 27.Qc7 Qxc7 28.
dxc7+ Kg7 29.Rb6 Nce7 30.Nd5 Nxd5 31.cxd5 Nf4 32.Kd2 h5 33.Rhb1 Rac8 34.
Bd6 Nxh3 35.Ke3 h4 36.Rb8 Nf4 37.Rxc8 Rxc8 38.Rb8 Rxc7 39.Bxc7 h3 40.Rb1 
Kf8 41.Kf3 Ke7 42.Kg3 Kd7 43.Ba5 Be7 44.Rb7+ Ke8 45.Bb4 1-0

[Event "13th Reykjavik op"]
[Site "Reykjavik ISL"]
[Date "1988.02.23"]
[Round "1.17"]
[White "Einarsson, Halldor"]
[Black "Thorhallsson, Throestur"]
[Result "0-1"]
[WhiteElo "2215"]
[BlackElo "2415"]
[EventDate "1988.02.23"]
[PlyCount "74"]

1.e4 e5 2.Nf3 Nc6 3.Bb5 Nd4 4.Nxd4 exd4 5.Qh5 Nf6 6.Qe5+ Qe7 7.Qxd4 a6 8.
Be2 Qxe4 9.Qxe4+ Nxe4 10.O-O d5 11.c4 Nf6 12.cxd5 Nxd5 13.Re1 Be6 14.d4 
Bb4 15.Bd2 Bxd2 16.Nxd2 O-O-O 17.Bc4 Nb4 18.Bxe6+ fxe6 19.Rxe6 Rxd4 20.Nf3
Rd5 21.Re7 Rhd8 22.h4 R5d7 23.Rxd7 Rxd7 24.Re1 c5 25.Kh2 Nxa2 26.Re8+ Kc7 
27.Kg3 Nb4 28.Ne5 Rd8 29.Re6 Nd3 30.f4 Nxb2 31.Re7+ Kc8 32.Rxg7 c4 33.Nf3 
Nd3 34.Re7 c3 35.Ne1 Nxe1 36.Rxe1 b5 37.Re5 Kb7 0-1

[Event "13th Reykjavik op"]
[Site "Reykjavik ISL"]
[Date "1988.02.24"]
[Round "2.2"]
[White "Hoi, Carsten"]
[Black "Dolmatov, Sergei"]
[Result "1-0"]
[WhiteElo "2405"]
[BlackElo "2565"]
[EventDate "1988.02.23"]
[PlyCount "61"]

1.d4 e6 2.Nf3 c5 3.e3 Nf6 4.Bd3 b6 5.O-O Bb7 6.Nbd2 Nc6 7.c3 d5 8.Qe2 Be7 
9.b3 O-O 10.Bb2 a6 11.Rac1 b5 12.dxc5 Bxc5 13.c4 dxc4 14.bxc4 b4 15.Ng5 e5
16.Nge4 Nxe4 17.Nxe4 Be7 18.Rfd1 Qa5 19.c5 Rad8 20.f4 Qxa2 21.f5 Rxd3 22.
Rxd3 Bc8 23.Nd6 Bxd6 24.Rxd6 Na5 25.c6 Bxf5 26.c7 Nb7 27.Rxa6 Qb3 28.Rac6 
h6 29.Bxe5 Qd5 30.Bd4 Nd6 31.R6c5 1-0

[Event "13th Reykjavik op"]
[Site "Reykjavik ISL"]
[Date "1988.02.24"]
[Round "2.4"]
[White "Arnason, Jon"]
[Black "Stefansson, Hannes Hlifar"]
[Result "1/2-1/2"]
[WhiteElo "2510"]
[BlackElo "2395"]
[EventDate "1988.02.23"]
[PlyCount "45"]

1.e4 e6 2.d4 d5 3.Nc3 Bb4 4.e5 Qd7 5.Bd2 b6 6.Bb5 c6 7.Ba4 a5 8.a3 Bxc3 9.
Bxc3 Ba6 10.Bd2 Bb5 11.Bxb5 cxb5 12.Qg4 f5 13.exf6 Nxf6 14.Qe2 O-O 15.Nf3 
Ne4 16.Be3 Nd6 17.Ne5 Qe8 18.O-O Nc6 19.Nd3 a4 20.c3 Nc4 21.Rae1 Qg6 22.
Bf4 Rae8 23.Bg3 1/2-1/2

[Event "13th Reykjavik op"]
[Site "Reykjavik ISL"]
[Date "1988.02.24"]
[Round "2.5"]
[White "Gausel, Einar"]
[Black "Olafsson, Helgi"]
[Result "1/2-1/2"]
[WhiteElo "2360"]
[BlackElo "2510"]
[EventDate "1988.02.23"]
[PlyCount "143"]

1.d4 Nf6 2.c4 e6 3.g3 c5 4.Nf3 cxd4 5.Nxd4 Qb6 6.Bg2 Bc5 7.e3 Nc6 8.Nb3 
Be7 9.O-O a6 10.Nc3 Qa7 11.Nd4 O-O 12.b3 Rb8 13.Bb2 Nxd4 14.exd4 b5 15.
cxb5 axb5 16.d5 Ba3 17.Bxa3 Qxa3 18.Qd2 Ba6 19.Rfd1 b4 20.Na4 Bb5 21.dxe6 
dxe6 22.Nc5 h6 23.Rac1 Rfc8 24.Ne4 Nxe4 25.Bxe4 Be8 26.Rxc8 Rxc8 27.Bb7 
Rb8 28.Be4 Qa6 29.h4 Qb6 30.Qc2 Kf8 31.Bf3 Rd8 32.Rxd8 Qxd8 33.Qc5+ Qe7 
34.Qb6 g5 35.hxg5 hxg5 36.Qd4 f6 37.Qb6 Bg6 38.Bg4 Kf7 39.Bf3 Bb1 40.Qa6 
Kg7 41.Bg4 e5 42.Be6 Bxa2 43.Qc8 Bb1 44.Qg8+ Kh6 45.Qh8+ Bh7 46.Bf5 Qg7 
47.Qc8 Bxf5 48.Qxf5 Qf7 49.Qd3 Qe6 50.Qe3 Kg7 51.Qa7+ Kg6 52.Qa4 Qd6 53.
Qe8+ Kg7 54.Qa4 Qd4 55.Kg2 Qe4+ 56.Kg1 Qd4 57.Kg2 Qe4+ 58.Kg1 Kh6 59.Qa6 
Kg6 60.Qe6 Qb7 61.Qc4 Kg7 62.Kf1 Qe7 63.Ke2 Qd6 64.g4 Qb6 65.f3 Kf8 66.
Qc8+ Ke7 67.Qc4 Kd7 68.Qf7+ Kc8 69.Qe8+ Kc7 70.Qe7+ Kb8 71.Qe8+ Ka7 72.
Qe7+ 1/2-1/2

[Event "13th Reykjavik op"]
[Site "Reykjavik ISL"]
[Date "1988.02.24"]
[Round "2.6"]
[White "Sorensen, Torben"]
[Black "Dizdar, Goran"]
[Result "1/2-1/2"]
[WhiteElo "2360"]
[BlackElo "2490"]
[EventDate "1988.02.23"]
[PlyCount "61"]

1.Nf3 Nf6 2.c4 e6 3.g3 d5 4.d4 Bb4+ 5.Bd2 Be7 6.Bg2 c6 7.Qc2 O-O 8.O-O b6 
9.Bg5 Bb7 10.Nbd2 Nbd7 11.e4 dxe4 12.Nxe4 c5 13.Nxf6+ Bxf6 14.Bxf6 Qxf6 
15.Ng5 Qxg5 16.Bxb7 Rad8 17.h4 Qg4 18.d5 exd5 19.Bxd5 Ne5 20.Rad1 Rfe8 21.
b3 b5 22.Be4 f5 23.Bxf5 Nf3+ 24.Kh1 Qh5 25.Rxd8 Rxd8 26.cxb5 Kh8 27.Bh3 h6
28.Bg2 Rd4 29.Bxf3 Qxf3+ 30.Kh2 Rxh4+ 31.gxh4 1/2-1/2

[Event "13th Reykjavik op"]
[Site "Reykjavik ISL"]
[Date "1988.02.24"]
[Round "2.8"]
[White "Karason, Askell Orn"]
[Black "Akesson, Ralf"]
[Result "0-1"]
[WhiteElo "2235"]
[BlackElo "2445"]
[EventDate "1988.02.23"]
[PlyCount "60"]

1.d4 Nf6 2.c4 e6 3.Nc3 Bb4 4.e3 c5 5.Bd3 Nc6 6.Ne2 cxd4 7.exd4 d5 8.cxd5 
Qxd5 9.O-O Qh5 10.Ne4 Nxe4 11.Bxe4 O-O 12.Qd3 Rd8 13.Nf4 Qh4 14.g3 Qe7 15.
Bxh7+ Kh8 16.d5 exd5 17.a3 Ne5 18.Qb1 Bc5 19.Bf5 Nf3+ 20.Kg2 Nd4 21.Bxc8 
Raxc8 22.b4 Bd6 23.Qd3 Nc2 24.Nxd5 Ne1+ 25.Rxe1 Qxe1 26.Bb2 Qe6 27.Qd4 Bf8
28.Rd1 Kg8 29.Kg1 Rd6 30.Ne7+ Qxe7 0-1

[Event "13th Reykjavik op"]
[Site "Reykjavik ISL"]
[Date "1988.02.24"]
[Round "2.11"]
[White "Gurevich, Mikhail"]
[Black "Thorsteinsson, Thorsteinn"]
[Result "1-0"]
[WhiteElo "2625"]
[BlackElo "2295"]
[EventDate "1988.02.23"]
[PlyCount "117"]

1.d4 d5 2.c4 e6 3.Nc3 Nf6 4.Bg5 Nbd7 5.e3 Be7 6.Rc1 O-O 7.Nf3 a6 8.cxd5 
exd5 9.Bd3 Re8 10.O-O c6 11.Qc2 Nf8 12.Rce1 g6 13.Ne5 Nh5 14.Bh6 Ng7 15.f4
Nf5 16.Bxf8 Bxf8 17.g4 Nd6 18.Qg2 Bg7 19.Kh1 f5 20.g5 Be6 21.h4 Bxe5 22.
fxe5 Nf7 23.Qg3 c5 24.Ne2 c4 25.Bc2 Qa5 26.Nf4 Kg7 27.h5 Rac8 28.Re2 Rc6 
29.Rh2 Rg8 30.Qh4 Kf8 31.hxg6 hxg6 32.Qh7 Bc8 33.e6 Rxe6 34.Nxe6+ Bxe6 35.
Qh4 Qa3 36.Qf4 Qxb2 37.Bxf5 Qxh2+ 38.Kxh2 Bxf5 39.Qb8+ Kg7 40.Qxb7 Rh8+ 
41.Kg1 Rd8 42.e4 dxe4 43.Qe7 Rd5 44.Rb1 Bc8 45.Rb8 Rxg5+ 46.Kf2 Bg4 47.
Qf8+ Kf6 48.Rb6+ Be6 49.Qe8 Rf5+ 50.Ke2 Ng5 51.Qd8+ Kg7 52.Rxe6 Nxe6 53.
Qe7+ Kh6 54.Qxe6 c3 55.d5 c2 56.Kd2 Rf2+ 57.Kc1 Rh2 58.Qxe4 g5 59.d6 1-0

[Event "13th Reykjavik op"]
[Site "Reykjavik ISL"]
[Date "1988.02.24"]
[Round "2.12"]
[White "Christiansen, Larry"]
[Black "Vidarsson, Jon"]
[Result "0-1"]
[WhiteElo "2575"]
[BlackElo "2305"]
[EventDate "1988.02.23"]
[PlyCount "150"]

1.d4 Nf6 2.c4 e6 3.Nf3 Bb4+ 4.Nbd2 O-O 5.a3 Be7 6.e4 d6 7.Be2 c5 8.d5 e5 
9.b4 Nbd7 10.O-O b6 11.Qc2 Ne8 12.Bb2 g6 13.Ne1 Ng7 14.Nd3 f5 15.exf5 Nxf5
16.Ne4 Nf6 17.Bf3 Bd7 18.Nxf6+ Bxf6 19.Be4 Nd4 20.Bxd4 cxd4 21.Rae1 Rc8 
22.Qb3 Kg7 23.Re2 Rc7 24.Rc1 Bg5 25.Rcc2 Qe8 26.b5 Bg4 27.Re1 Rcf7 28.Nb4 
Bh4 29.Nd3 Qd8 30.Qb1 Bc8 31.a4 Bd7 32.a5 Bc8 33.Rf1 Bf5 34.Re2 Bg4 35.Ra2
Bf5 36.Re1 Rc7 37.axb6 axb6 38.Qb4 Bc8 39.Ra8 Rcf7 40.Rf1 Qc7 41.g3 Bd8 
42.Rxc8 Qxc8 43.Qxd6 Bc7 44.Qb4 Rf6 45.f3 Bd6 46.Qa4 R6f7 47.Kg2 Rc7 48.
Rc1 Rff7 49.c5 bxc5 50.Nb2 Ra7 51.Qb3 Qb8 52.Nc4 Rfb7 53.b6 Ra8 54.Rb1 Qd8
55.Rb2 Qd7 56.h4 Kf7 57.h5 Ke7 58.Qd3 Rh8 59.Qd2 Kf6 60.Rb1 g5 61.Qd3 Ra8 
62.Bf5 Qe7 63.h6 Ra2+ 64.Kg1 Qf8 65.Nxd6 Qxd6 66.Bc8 e4 67.fxe4 Ke7 68.e5 
Qxh6 69.Qf3 Rxb6 70.Re1 Rb3 71.Qf6+ Qxf6 72.exf6+ Kd6 73.Rf1 Rxg3+ 74.Kh1 
Rgg2 75.Rf3 Rgf2 0-1

[Event "13th Reykjavik op"]
[Site "Reykjavik ISL"]
[Date "1988.02.24"]
[Round "2.13"]
[White "Petursson, Margeir"]
[Black "Solmundarson, Magnus"]
[Result "1-0"]
[WhiteElo "2540"]
[BlackElo "2270"]
[EventDate "1988.02.23"]
[PlyCount "107"]

1.d4 Nf6 2.c4 e6 3.Nf3 b6 4.Nc3 Bb7 5.a3 Be7 6.d5 d6 7.e4 e5 8.Be2 O-O 9.
O-O Ne8 10.Ne1 Bc8 11.Nd3 a5 12.Be3 g6 13.Rc1 Ng7 14.f4 exf4 15.Bxf4 Nd7 
16.Nb5 Nc5 17.e5 Nxd3 18.Bxd3 dxe5 19.Bxe5 Ne8 20.Kh1 Bd7 21.Nxc7 Nxc7 22.
d6 Bxd6 23.Bxd6 Bg4 24.Bxc7 Qc8 25.Bf5 Bxd1 26.Bxc8 Rfxc8 27.Bxb6 Be2 28.
Rf4 Rab8 29.Bxa5 Rxb2 30.Kg1 f5 31.Rd4 Rb3 32.Bb4 Bd3 33.Rd1 Be4 34.R1d2 
Rc7 35.Kf2 Kf7 36.Rd6 Rc6 37.c5 Rc7 38.Rb6 Bc6 39.Rb8 Rd7 40.Rxd7+ Bxd7 
41.Rb6 Rb2+ 42.Ke3 Rxg2 43.c6 Be6 44.Rb7+ Kf6 45.Be7+ Ke5 46.Rb5+ Bd5 47.
Kd3 Rxh2 48.Rxd5+ Kxd5 49.c7 Rh3+ 50.Kc2 Rh2+ 51.Kb3 Rh3+ 52.Kb4 Ke6 53.
c8=Q+ Kxe7 54.a4 1-0

[Event "13th Reykjavik op"]
[Site "Reykjavik ISL"]
[Date "1988.02.24"]
[Round "2.16"]
[White "Lautier, Joel"]
[Black "Ostenstad, Berge"]
[Result "1-0"]
[WhiteElo "2290"]
[BlackElo "2410"]
[EventDate "1988.02.23"]
[PlyCount "61"]

1.d4 Nf6 2.c4 g6 3.Nc3 d5 4.cxd5 Nxd5 5.e4 Nxc3 6.bxc3 Bg7 7.Bc4 O-O 8.Ne2
Nc6 9.Bg5 Qd7 10.Qd2 b6 11.O-O Bb7 12.Bh6 Na5 13.Bd3 c5 14.Rad1 cxd4 15.
cxd4 Rac8 16.Bxg7 Kxg7 17.d5 Kg8 18.Qg5 Nc4 19.Nd4 e5 20.Bxc4 exd4 21.Bb3 
Ba6 22.Rfe1 d3 23.e5 Rfe8 24.Re4 Rc3 25.d6 Rc5 26.Qf6 Bc8 27.Rf4 Re6 28.
Bxe6 Qxe6 29.Qxe6 Bxe6 30.Rd4 Rc8 31.R4xd3 1-0

[Event "13th Reykjavik op"]
[Site "Reykjavik ISL"]
[Date "1988.02.24"]
[Round "2.18"]
[White "Schoen, Wolfram"]
[Black "Arnason, Throestur"]
[Result "1-0"]
[WhiteElo "2450"]
[BlackElo "2235"]
[EventDate "1988.02.23"]
[PlyCount "59"]

1.d4 e6 2.c4 Nf6 3.Nc3 Bb4 4.e3 b6 5.Bd3 Bb7 6.Nf3 Ne4 7.O-O Bxc3 8.bxc3 
f5 9.Ba3 d6 10.d5 exd5 11.Nd4 c5 12.Nxf5 O-O 13.cxd5 Rxf5 14.Bxe4 Re5 15.
Bf3 Nd7 16.c4 Qh4 17.e4 Rf8 18.g3 Qh6 19.Bb2 Re7 20.Bg2 Ne5 21.Qe2 Bc8 22.
Bxe5 dxe5 23.Rad1 Qd6 24.f4 exf4 25.gxf4 Rxf4 26.Rxf4 Qxf4 27.d6 Rf7 28.
Qd2 Qe5 29.Qd5 Qf4 30.Rf1 1-0

[Event "13th Reykjavik op"]
[Site "Reykjavik ISL"]
[Date "1988.02.24"]
[Round "2.19"]
[White "Jonasson, Benedikt"]
[Black "Briem, Stefan"]
[Result "0-1"]
[WhiteElo "2345"]
[BlackElo "2225"]
[EventDate "1988.02.23"]
[PlyCount "94"]

1.Nf3 f5 2.c4 Nf6 3.Nc3 e6 4.g3 d5 5.d4 c6 6.Bg2 Bd6 7.O-O O-O 8.Ne5 Nbd7 
9.cxd5 exd5 10.Nd3 Ne4 11.f3 Nxc3 12.bxc3 Qe7 13.Nf2 Nb6 14.e4 Be6 15.e5 
Ba3 16.Nd3 Nc4 17.Bxa3 Qxa3 18.Nc5 Bc8 19.Qb3 b6 20.Nd3 Qxb3 21.axb3 Nd2 
22.Rf2 Nxb3 23.Ra3 Na5 24.Rfa2 Be6 25.f4 Kf7 26.Nb4 Rfc8 27.h3 Ke7 28.Nd3 
Rc7 29.Bf3 Nc4 30.Rb3 a5 31.Be2 Bc8 32.Rb1 Ba6 33.Kf2 Bb5 34.g4 g6 35.Rg1 
Rf8 36.Kf3 c5 37.dxc5 bxc5 38.Rb1 Ba6 39.Nf2 Ra8 40.gxf5 gxf5 41.Bd3 Ke6 
42.Rba1 Rca7 43.Rg1 Nb6 44.Rg5 Bxd3 45.Nxd3 Nd7 46.Rh5 Rg8 47.Rxh7 Nxe5+ 
0-1

[Event "13th Reykjavik op"]
[Site "Reykjavik ISL"]
[Date "1988.02.24"]
[Round "2.20"]
[White "Polgar, Judit"]
[Black "Einarsson, Halldor"]
[Result "1/2-1/2"]
[WhiteElo "2320"]
[BlackElo "2215"]
[EventDate "1988.02.23"]
[PlyCount "97"]

1.e4 c5 2.Nf3 e6 3.d4 cxd4 4.Nxd4 Nc6 5.Nb5 d6 6.Bf4 e5 7.Be3 Nf6 8.N5c3 
Be6 9.Nd5 Bxd5 10.exd5 Ne7 11.c4 a6 12.Nc3 Nf5 13.Bd3 Nxe3 14.fxe3 Be7 15.
O-O O-O 16.Qe2 g6 17.Rf2 Nd7 18.e4 Rc8 19.Raf1 Nc5 20.Bc2 Qc7 21.b4 Nd7 
22.Bb3 Qb6 23.a3 Nf6 24.Kh1 Kg7 25.c5 dxc5 26.Na4 Qb5 27.Qxb5 axb5 28.d6 
Bxd6 29.Nxc5 Be7 30.g4 h6 31.h4 g5 32.hxg5 hxg5 33.Kg2 Rc7 34.Rf5 Kg6 35.
R1f3 b6 36.Nd3 Nxg4 37.Bxf7+ Kg7 38.Be6 Rxf5 39.Bxf5 Rc2+ 40.Kh3 Nf6 41.
Nxe5 Bd6 42.Ng4 Nxg4 43.Kxg4 Rg2+ 44.Kh5 Bf4 45.Rc3 Rh2+ 46.Kg4 Rg2+ 47.
Kh5 Rh2+ 48.Kg4 Rg2+ 49.Kh5 1/2-1/2

[Event "13th Reykjavik op"]
[Site "Reykjavik ISL"]
[Date "1988.02.24"]
[Round "2.21"]
[White "Arnason, Asgeir Thor"]
[Black "Arnason, Arni Arman"]
[Result "1-0"]
[WhiteElo "2300"]
[BlackElo "2215"]
[EventDate "1988.02.23"]
[PlyCount "67"]

1.d4 e6 2.Nf3 d5 3.Bf4 Bd6 4.g3 Bxf4 5.gxf4 Qd6 6.e3 Qb4+ 7.Nbd2 Qxb2 8.
Ne5 Ne7 9.Bd3 Nd7 10.Rb1 Qa3 11.Qh5 g6 12.Qh6 Nf5 13.Bxf5 exf5 14.Nxd7 
Bxd7 15.Qg5 Qa6 16.h4 h6 17.Qg2 O-O-O 18.Qf1 Qxa2 19.Qd3 Ba4 20.Rc1 Rd6 
21.O-O Rc6 22.c4 dxc4 23.Qc3 Rg8 24.d5 Ra6 25.Nxc4 c6 26.Qf6 Qe2 27.Qe7 
Kb8 28.Ne5 f6 29.Rfe1 Qd2 30.Nd7+ Ka8 31.Nf8 b6 32.Qe8+ Kb7 33.dxc6+ Bxc6 
34.Qxc6+ 1-0

[Event "13th Reykjavik op"]
[Site "Reykjavik ISL"]
[Date "1988.02.25"]
[Round "3.2"]
[White "Akesson, Ralf"]
[WhiteElo "2445"]
[Black "Browne, Walter Shawn"]
[Result "1/2-1/2"]
[BlackElo "2530"]
[EventDate "1988.02.23"]
[PlyCount "102"]

1.Nf3 c5 2.c4 Nf6 3.Nc3 e6 4.g3 b6 5.Bg2 Bb7 6.O-O Be7 7.Re1 d5 8.cxd5 
exd5 9.d4 O-O 10.Ne5 cxd4 11.Qxd4 Bc5 12.Qa4 Qe7 13.Nd3 d4 14.Bxb7 Qxb7 
15.Nb5 Qd7 16.Qb3 Nc6 17.Na3 Rfe8 18.Nc4 Re6 19.Bg5 Ne4 20.Bf4 g5 21.Nce5 
Nxe5 22.Bxe5 Rh6 23.Nxc5 Nxc5 24.Qc4 Qh3 25.g4 Qxg4+ 26.Bg3 Rd8 27.Rad1 
Ne6 28.e3 Rf6 29.Qc6 d3 30.Qc3 Qf3 31.Rxd3 Rxd3 32.Qxd3 h5 33.Qd1 h4 34.
Qxf3 Rxf3 35.Be5 f6 36.Bc3 g4 37.Rd1 Ng5 38.Be1 Rf5 39.Kg2 Nf3 40.Bc3 Ng5 
41.Rd4 h3+ 42.Kf1 Nf3 43.Rxg4+ Rg5 44.Rf4 Nxh2+ 45.Ke2 Ng4 46.Kf3 h2 47.
Kg2 f5 48.Kh1 Kh7 49.Be1 Kg6 50.Bc3 b5 51.a3 a6 1/2-1/2

[Event "13th Reykjavik op"]
[Site "Reykjavik ISL"]
[Date "1988.02.25"]
[Round "3.3"]
[White "Kotronias, Vasilios"]
[Black "Hoi, Carsten"]
[Result "1/2-1/2"]
[WhiteElo "2475"]
[BlackElo "2405"]
[EventDate "1988.02.23"]
[PlyCount "84"]

1.e4 d6 2.d4 g6 3.Nf3 Bg7 4.h3 Nf6 5.Nc3 O-O 6.Be3 c6 7.a4 Qc7 8.Qd2 Nbd7 
9.Be2 e5 10.dxe5 dxe5 11.O-O Re8 12.Rfd1 Bf8 13.Bc4 Nc5 14.Ng5 Be6 15.Qe2 
Bxc4 16.Qxc4 h6 17.Bxc5 hxg5 18.Bxf8 Rxf8 19.Nd5 Nxd5 20.exd5 Rfd8 21.Ra3 
Rac8 22.Qg4 cxd5 23.Rc3 Qb8 24.Rxc8 Qxc8 25.Rxd5 Qc7 26.Rxd8+ Qxd8 27.Qe4 
Qc7 28.c3 a6 29.Qd5 Qe7 30.Kf1 Kg7 31.Ke2 Qc7 32.a5 Kg8 33.Kd3 b6 34.b4 
bxa5 35.bxa5 Kg7 36.c4 Qb8 37.Kc3 Kg8 38.Qc6 Qa7 39.c5 e4 40.Qe8+ Kh7 41.
Kd4 Qb7 42.c6 Qb2+ 1/2-1/2

[Event "13th Reykjavik op"]
[Site "Reykjavik ISL"]
[Date "1988.02.25"]
[Round "3.5"]
[White "Stefansson, Hannes Hlifar"]
[Black "Petursson, Margeir"]
[Result "1/2-1/2"]
[WhiteElo "2395"]
[BlackElo "2540"]
[EventDate "1988.02.23"]
[PlyCount "137"]

1.Nf3 d5 2.d4 Nf6 3.g3 c5 4.Bg2 Nc6 5.O-O e6 6.c4 Be7 7.cxd5 exd5 8.Nc3 
O-O 9.Bg5 cxd4 10.Nxd4 h6 11.Be3 Bg4 12.Rc1 Qc7 13.Nxc6 bxc6 14.Na4 Rfe8 
15.a3 Bf8 16.Qc2 Rac8 17.b4 Ne4 18.f3 Nd6 19.Nc5 Qe7 20.Bd4 Bf5 21.e4 dxe4
22.fxe4 Bg6 23.Qb3 Kh7 24.Bb2 f6 25.Rce1 Qf7 26.Qxf7 Nxf7 27.Nd7 Re7 28.
Nxf8+ Rxf8 29.e5 fxe5 30.Bxe5 Bd3 31.Bc3 Rc7 32.Rf3 Bc4 33.Rfe3 Bd5 34.Re7
Rfc8 35.Bh3 Rxe7 36.Rxe7 Ra8 37.Bg2 Kg8 38.Bxd5 cxd5 39.Rd7 Rc8 40.Bd4 a6 
41.Rxd5 Rc2 42.h4 Rd2 43.Kf1 g5 44.a4 gxh4 45.gxh4 Ne5 46.Rd6 Nc4 47.Rg6+ 
Kf7 48.Rf6+ Ke7 49.Rf4 Ke6 50.h5 Kd5 51.Bg1 Nd6 52.Rf6 Ra2 53.Rxh6 Rxa4 
54.Bc5 Nf5 55.Rg6 a5 56.Rg5 Ke4 57.b5 Kf4 58.Rg8 Ng3+ 59.Kg2 Nxh5 60.Rf8+ 
Ke5 61.b6 Ra2+ 62.Kf3 Rb2 63.Rf7 Rb3+ 64.Ke2 Ng3+ 65.Kd1 Ne4 66.Rc7 Kd5 
67.Bg1 a4 68.Kc2 Rb4 69.Rd7+ 1/2-1/2